000 00357nam a2200133Ia 4500
008 240624s9999 xx 000 0 und d
041 _aeng
082 _a658.8 MIZ
100 _aMIZRAHI JANET
245 _aFUNDAMENTALS OF WRITING FOR MARKETING AN
260 _c2010
_aNew York
_bBusiness Expert Press
300 _axi, : 94 : p. : cm. ; 22
365 _c
_b30
999 _c27593
_d27593